[Event "Le Touquet op"]
[Site "Le Touquet"]
[Date "1992.??.??"]
[Round "?"]
[White "Emms, John M"]
[Black "Rausis, Igors"]
[Result "1/2-1/2"]
[WhiteElo "2455"]
[BlackElo "2490"]

1.e4 e5 2.Nf3 Nc6 3.Bb5 a6 4.Ba4 Nf6 5.O-O b5 6.Bb3 Bb7 7.c3 Nxe4 8.d4 Na5
9.Bc2 exd4 10.b4 Nc4 11.Bxe4 Bxe4 12.Re1 d5 13.Nxd4 c5 14.bxc5 Bxc5 15.f3 O-O
16.fxe4 dxe4 17.Rxe4 Qd5 18.Qf3 b4 19.Nd2 bxc3 20.Nxc4 f5 21.Rf4 Qxc4 22.Be3 g5
23.Qg3 Kh8 24.Qxg5 Rae8 25.Bf2 c2 26.Rc1 Qd3 27.Nxc2 Qxc2 28.Rd4  1/2-1/2

[Event "Linares"]
[Site "Linares"]
[Date "1992.??.??"]
[Round "6"]
[White "Ivanchuk, Vassily"]
[Black "Beliavsky, Alexander G"]
[Result "1/2-1/2"]
[WhiteElo "2720"]
[BlackElo "2620"]

1.e4 e5 2.Nf3 Nc6 3.Bb5 a6 4.Ba4 Nf6 5.O-O b5 6.Bb3 Bb7 7.c3 Nxe4 8.d4 Na5
9.Nxe5 Nxb3 10.Qxb3 Qf6 11.f3 Nc5 12.Ng4 Nxb3 13.Nxf6+ Ke7 14.axb3 Kxf6 15.c4 bxc4
16.bxc4 Bb4 17.Bd2 a5 18.Bxb4 axb4 19.Nd2 d6 20.Kf2 Rhe8 21.d5 c5 22.dxc6 Bxc6
23.Nb3 Bd7 24.Nd4 Rec8 25.Rxa8 Rxa8 26.Ke3 Ra2 27.Rf2 Ra5 28.Rd2 Rc5 29.b3 Re5+
30.Kf2 Ra5 31.Nc2 Ra2 32.Ke1 Rb2 33.Nxb4 Rxb3 34.Rxd6+ Be6 35.Rb6 Rb1+ 36.Kf2 Rc1
37.Nd5+ Ke5 38.Ne3 Rc3 39.h4 h5 40.Rb5+ Kd4 41.Nf5+ Kxc4 42.Nd6+ Kd4 43.Rxh5 Rc2+
44.Kg3 g6 45.Rh7 f5 46.Re7 Bb3 47.Rg7 Rc6 48.Nb7 Ke5 49.Na5 Rb6 50.Rb7 f4+
51.Kg4 Rxb7 52.Nxb7 Bc4 53.Kg5 Bf1 54.Nc5 Bxg2 55.Nd3+ Kd4 56.Ne1 Bf1 57.Kxf4 Bb5
58.Kg5 Be8 59.Ng2 Bc6 60.Kf4 Kd5 61.Ne3+ Ke6 62.Ng4  1/2-1/2

[Event "Ljubljana op"]
[Site "Ljubljana"]
[Date "1992.??.??"]
[Round "6"]
[White "Praznik, Anton"]
[Black "Misanovic, Vesna"]
[Result "0-1"]
[WhiteElo "2260"]
[BlackElo "2320"]

1.e4 e5 2.Nf3 Nc6 3.Bb5 a6 4.Ba4 Nf6 5.O-O b5 6.Bb3 Bb7 7.d3 Bd6 8.Bd2 O-O
9.a4 b4 10.c3 a5 11.Re1 Re8 12.Be3 h6 13.Nh4 Ne7 14.Qf3 Kh7 15.Nf5 Nxf5 16.Qxf5+ Kg8
17.Nd2 Bf8 18.d4 d6 19.h3 Qe7 20.dxe5 dxe5 21.Qf3 Rad8 22.Qg3 bxc3 23.bxc3 Rd3
24.f3 Rxc3 25.Rac1 Qb4 26.Bxh6 Rxc1 27.Rxc1 Qb6+ 28.Kh2 Nh5 29.Qg4 Qxh6 30.Rxc7 Re7
31.Rxe7 Bxe7 32.Qd7 Qf4+ 33.Kh1 Ng3+ 34.Kh2 Nxe4+ 35.Kh1 Nxd2  0-1

[Event "Manila ol (Women)"]
[Site "Manila"]
[Date "1992.??.??"]
[Round "?"]
[White "Tungalag, Nyamaa"]
[Black "Cuevas Rodriguez, Ma Luisa"]
[Result "0-1"]
[WhiteElo "2080"]
[BlackElo "2200"]

1.e4 e5 2.Nf3 Nc6 3.Bb5 a6 4.Ba4 Nf6 5.O-O b5 6.Bb3 Bb7 7.d3 Bc5 8.c3 Qe7
9.a4 O-O 10.Qe2 d6 11.Be3 Bxe3 12.Qxe3 Nd8 13.Na3 Bc6 14.Nc2 Ne6 15.axb5 axb5
16.Nb4 Bb7 17.h3 Nf4 18.Ra2 c5 19.Nc2 Qc7 20.g3 Nxd3 21.Na3 Bxe4 22.Ng5 Bg6
23.Nxb5 Qc6 24.Rxa8 Rxa8 25.Nxf7 c4 26.Bxc4 Qxc4 27.Nfxd6 Qc6 28.Rd1 e4 29.b3 h6
30.c4 Nd7 31.Qd4 Ra2 32.Rf1 N7e5 33.Qe3 Nf3+ 34.Kg2 Rb2 35.c5 Qxc5 36.Qxc5 Nxc5
37.Nc3 Ne5 38.Nd5 Bf7 39.Nc3 e3 40.Nxf7 Kxf7 41.Nd1 e2 42.Nxb2 exf1=Q+ 43.Kxf1 Nxb3
44.Nd1 Nd4 45.Ne3 Nef3 46.Kg2 Ke6 47.g4 g5 48.Kg3 Ke5 49.Nc4+ Kd5 50.Nb6+ Ke4
51.Nd7 Kd3 52.Nf6 Ke2 53.Ng8 Kf1 54.Nxh6 Nh4 55.Nf5 Ne2+ 56.Kh2 Nf3+ 57.Kh1 Kxf2  0-1

[Event "Manila ol (Women)"]
[Site "Manila"]
[Date "1992.??.??"]
[Round "?"]
[White "Richtrova, Eliska"]
[Black "Misanovic, Vesna"]
[Result "1-0"]
[WhiteElo "2320"]
[BlackElo "2320"]

1.e4 e5 2.Nf3 Nc6 3.Bb5 a6 4.Ba4 Nf6 5.O-O b5 6.Bb3 Bb7 7.Re1 Bc5 8.c3 d6
9.d4 Bb6 10.Bg5 h6 11.Bh4 Qe7 12.d5 Nb8 13.a4 g5 14.Bg3 bxa4 15.Bxa4+ Kf8
16.Na3 Bc8 17.Nc4 Nbd7 18.b4 Kg7 19.Nxb6 cxb6 20.Bc6 Ra7 21.Nd2 Nb8 22.Ba4 Rc7
23.c4 a5 24.bxa5 bxa5 25.Bb5 Na6 26.Nb3 Nc5 27.Nxc5 Rxc5 28.Rxa5 Bd7 29.h4 Bxb5
30.hxg5 hxg5 31.cxb5 Qd7 32.Qe2 Rhc8 33.Ra6 Rc4 34.Qd2 Qg4 35.Rxd6 Nxe4 36.Bxe5+ Kh7
37.f3 Qf5 38.fxe4 Qxe5 39.Rd7 Kg7 40.Rf1 Rf8 41.Rf5 Qa1+ 42.Kf2 Qd4+ 43.Qxd4+ Rxd4
44.Ke3 Rb4 45.Rxg5+ Kh6 46.Rf5 Re8 47.e5 Rxb5 48.Rdxf7 Rxd5 49.R5f6+ Kg5
50.Rg7+ Kh5 51.Kf4 Rh8 52.Rg3 Rd4+ 53.Kf5  1-0

[Event "Manila ol (Men)"]
[Site "Manila"]
[Date "1992.??.??"]
[Round "?"]
[White "Godena, Michele"]
[Black "Kaabi, Mejdi"]
[Result "1-0"]
[WhiteElo "2425"]
[BlackElo "2310"]

1.e4 e5 2.Nf3 Nc6 3.Bb5 a6 4.Ba4 Nf6 5.O-O b5 6.Bb3 Bb7 7.d3 Bd6 8.c3 O-O
9.a4 h6 10.Na3 Bxa3 11.Rxa3 d5 12.axb5 axb5 13.Rxa8 Bxa8 14.d4 Nxe4 15.dxe5 Na5
16.Bc2 c5 17.Qd3 Bc6 18.b4 Nb7 19.bxc5 Nbxc5 20.Qe3 Na4 21.Nd4 Qb6 22.Bxe4 dxe4
23.Qg3 Bd7 24.e6 fxe6 25.Bxh6 Rf7 26.Bd2 Qc5 27.Ne2 e5 28.Be3 Qd5 29.Re1 Be6
30.h3 Rc7 31.Kh2 Nxc3 32.Nxc3 Rxc3 33.Ra1 Rc7 34.Qg6 Bf7 35.Qb6 Rb7 36.Ra8+ Kh7
37.Qa6 b4 38.Rd8 Rd7 39.Rb8 b3 40.Qc8 Qd6 41.g4 Qc7 42.Qh8+ Kg6 43.Bb6 Qd6
44.Bd8 Rxd8 45.Rxd8 Qe6 46.Rb8 e3 47.fxe3 e4 48.Qh5+ Kf6 49.g5+ Ke5 50.Rb5+ Kd6
51.g6 Kd7 52.gxf7 Qd6+ 53.Kh1 Qd1+ 54.Qxd1+  1-0

[Event "Manila ol (Men)"]
[Site "Manila"]
[Date "1992.??.??"]
[Round "?"]
[White "Pedzich, Dominik"]
[Black "Lin Weiguo"]
[Result "0-1"]
[WhiteElo "2385"]
[BlackElo "2495"]

1.e4 e5 2.Nf3 Nc6 3.Bb5 a6 4.Ba4 Nf6 5.O-O b5 6.Bb3 Bb7 7.Nc3 Bd6 8.d3 O-O
9.Bg5 h6 10.Bxf6 Qxf6 11.Nd5 Qd8 12.c3 Re8 13.a4 Ne7 14.Ne3 Ng6 15.Ne1 Qf6
16.g3 Nf8 17.Qh5 Ne6 18.Nf3 Kh7 19.axb5 axb5 20.Qf5+ Qg6 21.Bc2 f6 22.Nd2 Qxf5
23.Nxf5 Bc5 24.Ne3 g6 25.Nb3 Bb6 26.Rxa8 Rxa8 27.Ra1 Rxa1+ 28.Nxa1 c6 29.Nb3 Kg7
30.Kf1 h5 31.Ke2 d5 32.Nd2 d4 33.Nd1 f5 34.f3 Kf6 35.c4 f4 36.cxb5 cxb5 37.Bb3 g5
38.Bd5 Bc8 39.Bxe6 Bxe6 40.Nf2 fxg3 41.hxg3 Ba5 42.Kd1 Bb4 43.g4 h4 44.Nh3 Be7
45.Kc2 Bd7 46.Nb1 Ke6 47.Nd2 Be8 48.Kc1 Kd6 49.Nb3 Bf7 50.Kc2 Kc6 51.Nf2 Kb6
52.Nh3 Bg8 53.Nf2 Bb4 54.Nh3 Be1 55.Nxg5 Bf2 56.Nh3 Be3 57.Na1 Kc5 58.b3 Be6
59.Kb2 Bd2 60.Nc2 b4 61.Nf2 Bd7 62.Na1 Bb5  0-1

[Event "Manila ol (Men)"]
[Site "Manila"]
[Date "1992.??.??"]
[Round "?"]
[White "Tatai, Stefano"]
[Black "Costa, Jean Luc"]
[Result "1/2-1/2"]
[WhiteElo "2410"]
[BlackElo "2425"]

1.e4 e5 2.Nf3 Nc6 3.Bb5 a6 4.Ba4 Nf6 5.O-O b5 6.Bb3 Bb7 7.Re1 Bc5 8.c3 d6
9.d4 Bb6 10.a4 O-O 11.Bg5 h6 12.Bh4 g5 13.Bg3 Re8 14.Qd3 Qd7 15.Nbd2 Kg7
16.Rad1 Re7 17.Nf1 Na5 18.Bc2 Nc4 19.dxe5 dxe5 20.Qe2 Qe8 21.Bd3 Nd6 22.axb5 axb5
23.N3d2 Ra2 24.Rb1 Bc6 25.Kh1 Qa8 26.Bc2 Qa7 27.Qf3 Qa8 28.Ne3 Qe8 29.h3 Ra8
30.Bh2 Rd8 31.Qe2 Nd7 32.Ndf1 Nf8 33.Ng3 Bxe3 34.fxe3 f6 35.Rf1 Nd7 36.Nh5+ Kg6
37.Qg4 Rf7 38.Rf2 Nc5 39.Rbf1 Nd7 40.Bb3 Rf8 41.Be6 Bxe4 42.Bxd7 Qxd7 43.Rxf6+ Rxf6
44.Rxf6+ Kh7 45.Bxe5 Qxg4 46.hxg4 Bd5 47.Bxd6 cxd6 48.Ng3 Kg7 49.Rxd6 Rxd6
50.Nf5+ Kf6 51.Nxd6 Bc6 52.Nf5 Ke5 53.Nxh6 Ke4 54.Nf7 Kxe3 55.Nxg5 Bd7 56.Nf7 Bxg4
57.Kh2 Be6 58.Ne5 Kd2 59.Nc6 Bd7 60.Nd4 Kc1 61.b3 Kb2 62.c4  1/2-1/2

[Event "Capablanca mem-C"]
[Site "Matanzas"]
[Date "1992.??.??"]
[Round "4"]
[White "Gallego, Ruben"]
[Black "Alonso, Rene"]
[Result "0-1"]
[WhiteElo "2260"]
[BlackElo "2395"]

1.e4 e5 2.Nf3 Nc6 3.Bb5 a6 4.Ba4 Nf6 5.O-O b5 6.Bb3 Bb7 7.Re1 Bc5 8.c3 d6
9.a4 h6 10.d4 Bb6 11.Qd3 O-O 12.d5 Ne7 13.c4 bxc4 14.Bxc4 Ng4 15.Re2 Ng6
16.h3 Nf6 17.a5 Ba7 18.g3 Nh5 19.Kg2 Qd7 20.Ra3 Bc8 21.Ng1 Bc5 22.Rb3 f5
23.exf5 Rxf5 24.Nc3 Qf7 25.Ne4 Bd4 26.Nf3 Ba7 27.Rc2 Bd7 28.Rcc3 Rf8 29.Qe2 Kh8
30.Rb7 Bd4 31.Nxd4 exd4 32.Rc2 Ne5 33.f4 d3 34.Bxd3 Qxd5 35.Bxa6 Bc6 36.Rb4 Nf6
37.Bb5 Nxe4 38.Bxc6 Nxc6 39.Rxe4 Nd4 40.Rd2 Nxe2 41.Rxd5 Rxd5 42.Rxe2 Rxa5
43.Bd2 Rd5 44.Bc3 Kg8 45.Re7 Rf7 46.Re8+ Kh7 47.g4 Rd3 48.f5 d5 49.Be5 c5
50.h4 d4 51.Rc8 Rb7  0-1

[Event "Medellin m"]
[Site "Medellin"]
[Date "1992.??.??"]
[Round "4"]
[White "Zapata, Alonso"]
[Black "Garcia, Gildardo"]
[Result "0-1"]
[WhiteElo "2530"]
[BlackElo "2515"]

1.e4 e5 2.Nf3 Nc6 3.Bb5 a6 4.Ba4 Nf6 5.O-O b5 6.Bb3 Bb7 7.d3 Bd6 8.c3 O-O
9.Nbd2 Na5 10.Bc2 Re8 11.b4 Nc6 12.Re1 Bf8 13.Bb2 h6 14.a3 d6 15.Bb3 g6 16.c4 Bg7
17.Qc2 Qd7 18.Rac1 Rac8 19.Nf1 Nh5 20.Ne3 Nf4 21.Qd1 Nd8 22.h3 Nde6 23.Kh2 Nd4
24.Bxd4 exd4 25.Nd5 Bxd5 26.cxd5 f5 27.Rc6 g5 28.Kg1 fxe4 29.dxe4 d3 30.Re3 Kh8
31.Qd2 Re7 32.Ba2 Rf8 33.Bb1 g4 34.Nh4 gxh3 35.g3 h2+ 36.Kxh2 Qh3+ 37.Kg1 Bd4
38.Bxd3 Rg7 39.Bf1 Bxe3 40.Qxe3 Qxh4 41.Rxc7 Qf6 42.Rxg7 Qxg7 43.Qb6 Qa1
44.f3 Ne2+ 45.Kf2 Nxg3 46.Kxg3 Qxf1 47.Qd4+ Kh7 48.Qa7+ Kg6 49.Qe3 Kh5  0-1

[Event "Melbourne Masters"]
[Site "Melbourne"]
[Date "1992.??.??"]
[Round "8"]
[White "Solomon, Stephen J"]
[Black "Rogers, Ian"]
[Result "0-1"]
[WhiteElo "2445"]
[BlackElo "2550"]

1.e4 e5 2.Nf3 Nc6 3.Bb5 a6 4.Ba4 Nf6 5.O-O b5 6.Bb3 Bb7 7.Re1 Bc5 8.c3 Bb6
9.a4 O-O 10.d3 h6 11.Nbd2 Ng4 12.Re2 d6 13.Nf1 Na5 14.Ba2 c5 15.Ng3 c4 16.h3 Nf6
17.Nf5 bxa4 18.Bb1 Nb3 19.Rxa4 Nxc1 20.Qxc1 cxd3 21.Bxd3 a5 22.Bb5 Bc5 23.g4 Rb8
24.Bd3 Bc8 25.N3h4 Nh7 26.Nf3 Bd7 27.Ra1 Be6 28.Kg2 Nf6 29.Qd2 Bxf5 30.exf5 Nd5
31.Re4 Qb6 32.Bc4 Nf6 33.Re2 e4 34.Nd4 d5 35.Ba2 Rfd8 36.Rd1 a4 37.Bb1 Bxd4
38.Qxd4 Qxd4 39.Rxd4 a3 40.Rb4 d4 41.bxa3 d3 42.Reb2 Rbc8 43.Rd4 Nd5 44.Bxd3 Nf4+
45.Kg3 Nxd3 46.Rxd8+ Rxd8 47.Ra2 Rc8 48.Rc2 Rc4 49.Kh2 Kf8 50.Kg1 Ke7 51.Kf1 Kf6
52.Ke2 Ke5 53.Ke3 Nf4 54.h4 Nd5+  0-1

[Event "Mlada Boleslav op"]
[Site "Mlada Boleslav"]
[Date "1992.??.??"]
[Round "7"]
[White "Donchev, Dimitar I"]
[Black "Berzinsh, Roland"]
[Result "1-0"]
[WhiteElo "2495"]
[BlackElo "2390"]

1.e4 e5 2.Nf3 Nc6 3.Bb5 a6 4.Ba4 Nf6 5.O-O b5 6.Bb3 Bb7 7.c3 Be7 8.d4 Nxe4
9.Nxe5 Nxe5 10.dxe5 O-O 11.Be3 d5 12.Nd2 c5 13.Nxe4 dxe4 14.Qg4 Qc7 15.Bf4 Qc6
16.Rae1 Rae8 17.Re3 c4 18.Bc2 f5 19.exf6 Bxf6 20.Rfe1 Bc8 21.Qg3 Bf5 22.f3 Qb6
23.Kh1 Qd8 24.Qf2 Bh4 25.g3 Be7 26.R3e2 exf3 27.Qxf3 Bxc2 28.Rxc2 Bg5 29.Rd1 Qc8
30.Qd5+ Kh8 31.Qxg5 Rf5 32.Qh4 Qc6+ 33.Kg1 g5 34.Bxg5 Qc5+ 35.Qd4+ Qxd4+
36.Rxd4 Rxg5 37.Rd6 Rg6 38.Rxg6 hxg6 39.Kf2 Kg7 40.Re2 Rd8 41.Kf3 Kf6 42.h4 a5
43.Kf4 b4 44.Re4 Rd2 45.Rxc4 Rf2+ 46.Kg4 Rxb2 47.cxb4 axb4 48.Rc6+ Kg7 49.Kg5 Rxa2
50.Rxg6+ Kh7 51.Rb6 Ra4 52.Kf6 Ra3 53.g4 Rd3 54.Kg5 b3 55.Rb7+ Kg8 56.Kg6 Kf8
57.h5 Re3 58.g5  1-0

[Event "Moscow3"]
[Site "Moscow"]
[Date "1992.??.??"]
[Round "?"]
[White "Muhutdinov, Marat"]
[Black "Kuzmin, Gennadi P"]
[Result "1-0"]
[WhiteElo "2440"]
[BlackElo "2535"]

1.e4 e5 2.Nf3 Nc6 3.Bb5 a6 4.Ba4 Nf6 5.O-O b5 6.Bb3 Bb7 7.c3 Be7 8.d4 d6
9.Nbd2 O-O 10.Re1 exd4 11.cxd4 Nb4 12.Qe2 c5 13.a3 Nc6 14.dxc5 dxc5 15.e5 Nd5
16.Ne4 Nd4 17.Nxd4 cxd4 18.Qg4 Qb6 19.Bg5 Qg6 20.h4 Bxg5 21.hxg5 Bc8 22.Qf3 Be6
23.Rad1 Ne7 24.Bc2 Kh8 25.Bb1 Rad8 26.Nd6 Qxg5 27.Rxd4 Kg8 28.Qb7 Rb8 29.Qxa6 Ng6
30.Bxg6 Qxg6 31.Qc6 f6 32.Qe4 Qh5 33.f4 Qh6 34.Rc1 g5 35.f5 g4 36.Rc3 b4
37.axb4 Ra8 38.Qxg4+ Kh8 39.fxe6 Ra1+ 40.Rd1 f5 41.Nf7+ Rxf7 42.exf7  1-0

[Event "Moscow4"]
[Site "Moscow"]
[Date "1992.??.??"]
[Round "?"]
[White "Shchekachev, Andrei"]
[Black "Rausis, Igors"]
[Result "1/2-1/2"]
[WhiteElo "2465"]
[BlackElo "2460"]

1.e4 e5 2.Nf3 Nc6 3.Bb5 a6 4.Ba4 Nf6 5.O-O b5 6.Bb3 Bb7 7.Re1 Bc5 8.c3 d6
9.d4 Bb6 10.Bg5 h6 11.Bh4 O-O 12.a4 Re8 13.Qd3 Na5 14.Bc2 c5 15.d5 c4 16.Qe2 Bc8
17.Nbd2 Bd7  1/2-1/2

[Event "Moscow4"]
[Site "Moscow"]
[Date "1992.??.??"]
[Round "?"]
[White "Suetin, Alexey S"]
[Black "Ivanov, V."]
[Result "0-1"]
[WhiteElo "2400"]
[BlackElo "2355"]

1.e4 e5 2.Nf3 Nc6 3.Bb5 a6 4.Ba4 Nf6 5.O-O b5 6.Bb3 Bb7 7.d3 Be7 8.c4 bxc4
9.Bxc4 O-O 10.Nc3 d6 11.Bg5 Na5 12.Qc2 Nh5 13.Bd2 Nxc4 14.dxc4 f5 15.Rad1 Qc8
16.Nd5 Bxd5 17.cxd5 fxe4 18.Qxe4 Rb8 19.b3 Rb5 20.Bg5 Bxg5 21.Nxg5 Nf6 22.Qc2 Qb7
23.f4 Rxd5 24.fxe5 dxe5 25.Rc1 c5 26.Qc4 Kh8 27.Ne6 Rc8 28.Rc2 Qd7 29.Ng5 h6
30.Nf3 e4 31.Nh4 Re8 32.Qxa6 Rd1 33.h3 e3 34.Nf3 Ne4 35.Rc1 Rxc1 36.Rxc1 Nd2
37.Qe2 Nxf3+ 38.Qxf3 Qd2 39.Qd1 Qxa2 40.Kh2 e2 41.Qe1 Qb2 42.Rxc5 Qxb3 43.Rc1 Qe3
44.Ra1 Qe5+  0-1

[Event "Moscow4"]
[Site "Moscow"]
[Date "1992.??.??"]
[Round "?"]
[White "Laketic, Gojko"]
[Black "Sokolovs, Andrei"]
[Result "0-1"]
[WhiteElo "2480"]
[BlackElo "2435"]

1.e4 e5 2.Nf3 Nc6 3.Bb5 a6 4.Ba4 Nf6 5.O-O b5 6.Bb3 Bb7 7.d3 Be7 8.a4 b4
9.a5 O-O 10.Re1 d6 11.c3 bxc3 12.Nxc3 Rb8 13.Bc4 Nb4 14.Bg5 c5 15.Nd2 Nd7
16.Be3 Kh8 17.g4 Nf6 18.f3 d5 19.exd5 Nfxd5 20.Nxd5 Nxd5 21.Bf2 Nf4 22.Ne4 Bxe4
23.Rxe4 Nh3+ 24.Kg2 Nxf2  0-1

[Event "Moscow3"]
[Site "Moscow"]
[Date "1992.??.??"]
[Round "?"]
[White "Muhutdinov, Marat"]
[Black "Yilmaz, Turham"]
[Result "1-0"]
[WhiteElo "2440"]
[BlackElo "2390"]

1.e4 e5 2.Nf3 Nc6 3.Bb5 a6 4.Ba4 Nf6 5.O-O b5 6.Bb3 Bb7 7.c3 h6 8.d4 d6 9.Qe2 g6
10.a4 Bg7 11.dxe5 dxe5 12.Rd1 Qc8 13.axb5 axb5 14.Rxa8 Qxa8 15.Na3 b4 16.Nb5 Qc8
17.cxb4 O-O 18.Nc3 Nd7 19.Nd5 Kh7 20.Be3 Re8 21.Rc1 f5 22.exf5 gxf5 23.Ng5+ Kh8
24.Nf7+ Kh7 25.Qh5 Nd4 26.Ng5+ Kh8 27.Qg6 Nf8 28.Nf7+  1-0

[Event "Munich op9192"]
[Site "Munich"]
[Date "1992.??.??"]
[Round "7"]
[White "Bachmayr, Peter"]
[Black "Dirr, Ulrich"]
[Result "1-0"]
[WhiteElo "2365"]
[BlackElo "2270"]

1.e4 e5 2.Nf3 Nc6 3.Bb5 a6 4.Ba4 Nf6 5.O-O b5 6.Bb3 Bb7 7.d4 Nxd4 8.Bxf7+ Kxf7
9.Nxe5+ Kg8 10.Qxd4 c5 11.Qd1 Qe8 12.Nf3 Nxe4 13.Re1 Qf7 14.a4 b4 15.Nbd2 Nxd2
16.Nxd2 h6 17.b3 d5 18.Bb2 Bd6 19.Be5 Bxe5 20.Rxe5 Kh7 21.Qe2 Rae8 22.Re1 Rxe5
23.Qxe5 Rf8 24.Qe3 d4 25.Qd3+ Kh8 26.f3 Re8 27.Rxe8+ Qxe8 28.Ne4 Qe5 29.Kf2 h5
30.h4 g6 31.Ng5 Kg7 32.Qe2 Qxe2+ 33.Kxe2 Bd5 34.Kd3 Kf6 35.Ne4+ Bxe4+ 36.Kxe4 Ke6
37.g4 a5 38.gxh5 gxh5 39.f4 Kf6 40.f5 c4 41.bxc4 d3 42.Kxd3 Kxf5 43.Kd4 Ke6
44.Kc5 Ke5 45.Kb5 Kd4 46.c5  1-0

[Event "Oakham"]
[Site "Oakham"]
[Date "1992.??.??"]
[Round "2"]
[White "Le Quang, Kim"]
[Black "Kogan, Artur"]
[Result "0-1"]
[WhiteElo "2250"]
[BlackElo "2370"]

1.e4 e5 2.Nf3 Nc6 3.Bb5 a6 4.Ba4 Nf6 5.O-O b5 6.Bb3 Bb7 7.Re1 Bc5 8.c3 d6
9.d4 Bb6 10.Be3 O-O 11.Nbd2 h6 12.h3 exd4 13.cxd4 Nb4 14.Qb1 c5 15.a3 Nc6
16.d5 Nd4 17.Nxd4 cxd4 18.Bf4 Re8 19.Bc2 Nh5 20.Bh2 Qf6 21.Bd3 Nf4 22.Bxf4 Qxf4
23.Qd1 Re7 24.g3 Qg5 25.h4 Qf6 26.a4 Bc5 27.axb5 axb5 28.Rxa8+ Bxa8 29.Qb3 b4
30.Ra1 Bb7 31.Kg2 Re8 32.Nc4 Qg6 33.f3 f5 34.Na5 Bc8 35.Nc6 f4 36.g4 Bxg4
37.fxg4 Qxg4+ 38.Kf2 Qxh4+ 39.Ke2 Qh2+ 40.Kf3 Qg3+ 41.Ke2 Qg2+ 42.Ke1 Qg1+
43.Kd2 Qxa1  0-1

[Event "Oakham"]
[Site "Oakham"]
[Date "1992.??.??"]
[Round "3"]
[White "Turner, Matthew"]
[Black "Le Quang, Kim"]
[Result "1-0"]
[WhiteElo "2250"]
[BlackElo "2250"]

1.e4 e5 2.Nf3 Nc6 3.Bb5 a6 4.Ba4 Nf6 5.O-O b5 6.Bb3 Bb7 7.d4 Nxd4 8.Nxd4 exd4
9.e5 Ne4 10.c3 d3 11.Qxd3 Nc5 12.Qg3 Nxb3 13.axb3 Qe7 14.Na3 h5 15.h4 O-O-O
16.c4 b4 17.Nc2 Re8 18.f4 f6 19.Bd2 Qe6 20.Rae1 f5 21.Rf2 c5 22.Ne3 Rh6 23.Qh3 Be4
24.Nd5 Qf7 25.Rxe4 fxe4 26.f5 Rc6 27.Qg3 Be7 28.Be3 Bd8 29.Qf4 Bc7 30.Nxc7 Rxc7
31.Qxe4 Rc6 32.Bxc5 a5 33.e6 Qf6 34.exd7+ Kxd7 35.Rd2+ Kc7 36.Qxe8 Rxc5 37.Rd7+  1-0

[Event "Oakham"]
[Site "Oakham"]
[Date "1992.??.??"]
[Round "4"]
[White "Gdanski, Jacek"]
[Black "Volzhin, Alexander"]
[Result "1-0"]
[WhiteElo "2435"]
[BlackElo "2370"]

1.e4 e5 2.Nf3 Nc6 3.Bb5 a6 4.Ba4 Nf6 5.O-O b5 6.Bb3 Bb7 7.c3 Nxe4 8.d4 Na5
9.Nxe5 Nxb3 10.Qxb3 Qf6 11.f3 Nc5 12.Ng4 Nxb3 13.Nxf6+ gxf6 14.Re1+ Be7 15.axb3 d6
16.c4 Kd7 17.Nc3 Rhg8 18.Kf2 f5 19.Ra5 Bh4+ 20.g3 Bf6 21.Rd1 Bc6 22.b4 d5
23.c5 Bb7 24.Bf4 Rae8 25.Rd2 c6 26.Ra1 Bd8 27.Nd1 Bc7 28.Bxc7 Kxc7 29.Ne3 Bc8
30.Ng2 Re7 31.Re1 Rxe1 32.Kxe1 Re8+ 33.Re2 Rxe2+ 34.Kxe2 Kd7 35.Ke3 Ke7 36.Kf4 Kf6
37.Ne1 h6 38.Nd3 Bd7 39.Ne5 Be8 40.g4 Kg7 41.Nd3 fxg4 42.fxg4 f6 43.h4 Kg6
44.Ne1 Bd7 45.Nf3 Be8 46.g5 hxg5+ 47.hxg5 fxg5+ 48.Nxg5 Kf6 49.Nf3 Bh5 50.Ne5 Be8
51.Kg4 Ke6 52.Kg5 Ke7 53.Kf5 Kd8 54.Ke6 Kc7 55.Ke7 Bh5 56.Nf7 Bg6 57.Ng5 Bh5
58.Ne6+ Kc8 59.Kd6 Be8 60.Nc7 Bd7 61.Nxa6 Be8 62.Nc7 Bd7 63.Ne6 Be8 64.Nf4  1-0

[Event "Oostende op"]
[Site "Oostende"]
[Date "1992.??.??"]
[Round "7"]
[White "Visser, Yge"]
[Black "Markus, John Raymond"]
[Result "1-0"]
[WhiteElo "2325"]
[BlackElo "2215"]

1.e4 e5 2.Nf3 Nc6 3.Bb5 a6 4.Ba4 Nf6 5.O-O b5 6.Bb3 Bb7 7.d3 Be7 8.Nc3 O-O
9.Bd2 d6 10.Nd5 Nb8 11.Nxe7+ Qxe7 12.Nh4 Bc8 13.Bg5 Be6 14.f4 h6 15.fxe5 hxg5
16.exf6 gxf6 17.Bxe6 fxe6 18.Ng6 Qg7 19.Nxf8 Qxf8 20.Qg4  1-0

[Event "BCF-ch"]
[Site "Plymouth"]
[Date "1992.??.??"]
[Round "4"]
[White "Howell, James C"]
[Black "Collinson, Adam"]
[Result "1-0"]
[WhiteElo "2465"]
[BlackElo "2360"]

1.e4 e5 2.Nf3 Nc6 3.Bb5 a6 4.Ba4 Nf6 5.O-O b5 6.Bb3 Bb7 7.d3 Bd6 8.c3 O-O
9.Nbd2 Na5 10.Bc2 Re8 11.Re1 c5 12.d4 cxd4 13.cxd4 Nc6 14.d5 Ne7 15.Nb3 Ng6
16.a4 Bb4 17.Bd2 Bxd2 18.Qxd2 Qb6 19.Qa5 Qxa5 20.Nxa5 Rab8 21.axb5 axb5 22.g3 Ba8
23.Nd2 Rec8 24.Bd3 Ne8 25.Rec1 Nd6 26.b4 Ne7 27.Rc5 Kf8 28.f3 Ke8 29.Kf2 Kd8
30.Nb1 Rc7 31.Na3 Nec8 32.Rac1 Ra7 33.Nxb5 Nxb5 34.Rxb5 Rxb5 35.Bxb5 Nd6
36.Bd3 Bb7 37.Ke3 Ba6 38.Rc6 Bxd3 39.Rxd6 Kc7 40.Rxd7+ Kxd7 41.Kxd3 Rc7 42.Nc6 Kd6
43.Kc3 Rb7 44.f4 f6 45.fxe5+ fxe5 46.b5 g6 47.Kb4 Rf7 48.b6 Rf1 49.Kb5 Rb1+
50.Ka6 Ra1+ 51.Kb7 Ra3 52.Kc8 Ra8+ 53.Nb8 Ra3 54.b7 Rxg3 55.Nc6 Rb3 56.b8=Q+ Rxb8+
57.Kxb8 g5 58.Nd8  1-0

[Event "POL-ch"]
[Site "?"]
[Date "1992.??.??"]
[Round "3"]
[White "Pedzich, Dominik"]
[Black "Panczyk, Krzysztof"]
[Result "1/2-1/2"]
[WhiteElo "2385"]
[BlackElo "2425"]

1.e4 e5 2.Nf3 Nc6 3.Bb5 a6 4.Ba4 Nf6 5.O-O b5 6.Bb3 Bb7 7.d3 Be7 8.a4 d6
9.Nc3 Na5 10.Ba2 b4 11.Nd5 Nxd5 12.exd5 c5 13.dxc6 Nxc6 14.Re1 O-O 15.Bd5 Qc7
16.c3 bxc3 17.bxc3 Na5 18.Bxb7 Nxb7 19.Qb3 Rab8 20.Ba3 Rfc8 21.Qd5 Bf8 22.Rab1 Nc5
23.Rxb8 Qxb8 24.d4 Nd3 25.Ng5 Nxe1 26.Nxf7 Nf3+ 27.gxf3 Qb1+ 28.Bc1 Qg6+
29.Ng5+ Kh8 30.dxe5 dxe5 31.Kf1 h6 32.Nf7+ Kh7 33.Nxe5 Qb1 34.Kg2 Rc5 35.Qe6 Rxe5
36.Qxe5 Qxc1 37.Qf5+ Kg8 38.Qe6+ Kh8 39.Qxa6 Qxc3 40.Qa8 Qa3 41.a5 Kh7 42.a6 Bc5
43.Qd5 Qc3 44.h4 Qd4 45.Qe4+ Qxe4 46.fxe4 Kg6 47.f4 h5 48.Kf3 Kf6 49.Kg3 Ke6
50.Kf3 Kf6 51.Kg3 Ke6 52.Kf3 Kd6 53.e5+ Kd5 54.Kg3 Bb6 55.Kf3 Ba7 56.Kg3 Bd4
57.Kf3 Bb6 58.Kg3 Ba7 59.Kf3 Bb8 60.Ke3 Ba7+ 61.Kf3 Bb6 62.Kg3 Kc6 63.f5 Bd8  1/2-1/2

[Event "POL-ch"]
[Site "?"]
[Date "1992.??.??"]
[Round "13"]
[White "Pedzich, Dominik"]
[Black "Czerwonski, Aleksander"]
[Result "1-0"]
[WhiteElo "2385"]
[BlackElo "2370"]

1.e4 e5 2.Nf3 Nc6 3.Bb5 a6 4.Ba4 Nf6 5.O-O b5 6.Bb3 Bb7 7.d3 Bd6 8.c3 O-O
9.Re1 Na5 10.Bc2 Re8 11.Nbd2 Bf8 12.d4 d6 13.b3 Qd7 14.Bb2 g6 15.a3 Bg7 16.b4 Nc6
17.Nb3 Nh5 18.Bc1 exd4 19.cxd4 a5 20.Nxa5 Nxa5 21.bxa5 Rxa5 22.Rb1 Nf6 23.d5 c5
24.dxc6 Bxc6 25.Rb4 Qb7 26.Qxd6 Raa8 27.Qf4 Qe7 28.h3 Rac8 29.Qh4 Ba8 30.Bb1 Nxe4
31.Bg5 f6 32.Rbxe4 Bxe4 33.Bxe4 fxg5 34.Nxg5 Qd6 35.Qxh7+ Kf8 36.g3 Rc5 37.h4 Qf6
38.Re3 Rc1+ 39.Kg2 Qa6 40.Rf3+  1-0

[Event "POL-ch"]
[Site "?"]
[Date "1992.??.??"]
[Round "15"]
[White "Gdanski, Jacek"]
[Black "Czerwonski, Aleksander"]
[Result "1-0"]
[WhiteElo "2435"]
[BlackElo "2370"]

1.e4 e5 2.Nf3 Nc6 3.Bb5 a6 4.Ba4 Nf6 5.O-O b5 6.Bb3 Bb7 7.c3 Nxe4 8.d4 Na5
9.Nxe5 Nxb3 10.Qxb3 Qf6 11.f3 Nc5 12.Ng4 Nxb3 13.Nxf6+ gxf6 14.Re1+ Be7 15.axb3 d6
16.c4 Kd7 17.Nc3 f5 18.Ra5 Bf6 19.Rd1 c6 20.Bf4 Rhe8 21.c5 Bd8 22.Raa1 Bc7
23.b4 a5 24.cxd6 Bb6 25.bxa5 Rxa5 26.Rxa5 Bxa5 27.Kf2 Bb4 28.Re1 Rxe1 29.Kxe1 Bxd6
30.Bxd6 Kxd6 31.b4 Bc8 32.Kd2 Be6 33.Ke3 f6 34.Kf4 Bd7 35.Ke3 Be6 36.Kf4 Bd7
37.h4 Ke6 38.Ke3 Kd6 39.Kf4 Ke6 40.g3 Kd6 41.g4 fxg4 42.fxg4 Ke6 43.Ne4 Kf7
44.h5 h6 45.Ng3 Ke7 46.Nf1 Be6 47.Ne3 Ke8 48.Ke4 Kf8 49.d5 cxd5+ 50.Kd4 Ke7
51.Nxd5+ Kd6 52.Nxf6 Ke7 53.Ke5 Bc4 54.Nd5+ Kf8 55.Ne3 Be2 56.Kf6  1-0

[Event "Rubinstein mem"]
[Site "Polanica Zdroj"]
[Date "1992.??.??"]
[Round "3"]
[White "Kaminski, Marcin"]
[Black "Mainka, Romuald"]
[Result "0-1"]
[WhiteElo "2440"]
[BlackElo "2550"]

1.e4 e5 2.Nf3 Nc6 3.Bb5 a6 4.Ba4 Nf6 5.O-O b5 6.Bb3 Bb7 7.d3 Bd6 8.c3 O-O
9.a4 h6 10.Na3 Re8 11.Bd2 Bxa3 12.Rxa3 d5 13.axb5 axb5 14.Rxa8 Bxa8 15.exd5 Nxd5
16.Qa1 Qd7 17.Qa6 b4 18.Re1 Nb6 19.Qa2 Bb7 20.cxb4 Ra8 21.Qb1 Qd6 22.Bc3 Nd4
23.Bxd4 exd4 24.Ne5 Bd5 25.Bxd5 Nxd5 26.h3 Qxb4 27.Nf3 Nf4 28.Qc2 c5 29.Kh2 Rb8
30.g3 Qb7 31.Nh4 Ne6 32.Re2 Ra8 33.f4 Ra1 34.Ng2 Qf3 35.Re1 Rxe1 36.Nxe1 Qf1
37.Ng2 g5 38.fxg5 Nxg5 39.g4 Qf3 40.Qxc5 Qxh3+ 41.Kg1 Qxd3 42.b4 Qd1+ 43.Kh2 Qxg4  0-1

[Event "Bohemians-B"]
[Site "Prague"]
[Date "1992.??.??"]
[Round "7"]
[White "Trichkov, Vasil"]
[Black "Zvara, Petr"]
[Result "0-1"]
[WhiteElo "2315"]
[BlackElo "2220"]

1.e4 e5 2.Nf3 Nc6 3.Bb5 a6 4.Ba4 Nf6 5.O-O b5 6.Bb3 Bb7 7.Re1 Bc5 8.c3 Bb6
9.d4 d6 10.Bg5 h6 11.Bh4 g5 12.Bg3 O-O 13.Bc2 Qe7 14.a4 Nh7 15.Na3 h5 16.d5 Nd8
17.h4 g4 18.Nh2 c6 19.c4 b4 20.Nb1 cxd5 21.cxd5 Rc8 22.Nd2 f5 23.exf5 Bxd5
24.Ndf1 Ba8 25.Ne3 Nf6 26.Nhf1 Nf7 27.Bb3 Rc5 28.Qd3 Bb7 29.Be6 Qc7 30.Nc4 Qc6
31.Nfe3 Bc7 32.Rad1 Kg7 33.b3 Rd8 34.Qe2 Re8 35.Qd2 d5 36.Bxf7 Kxf7 37.Nxe5+ Bxe5
38.Bxe5 Rxe5 39.Qd4 Re4 40.Qd2 d4 41.Nc4 Rxe1+  0-1

[Event "Prague Chip"]
[Site "Prague"]
[Date "1992.??.??"]
[Round "13"]
[White "Kindermann, Stefan"]
[Black "Mainka, Romuald"]
[Result "1/2-1/2"]
[WhiteElo "2505"]
[BlackElo "2455"]

1.e4 e5 2.Nf3 Nc6 3.Bb5 a6 4.Ba4 Nf6 5.O-O b5 6.Bb3 Bb7 7.d4 Nxd4 8.Nxd4 exd4
9.e5 Ne4 10.c3 dxc3 11.Qf3 d5 12.exd6 Qf6 13.d7+ Kd8 14.Qxf6+ Nxf6 15.Nxc3 Nxd7  1/2-1/2